000 00861nam a2200229Ii 4500
003 JO-AjNU
008 230605s9999||||xx |||||||||||||| ||und||
017 _a2012/9494
020 _a978-977-328-966-3
040 _aJO-AjNU
_bara
_erda
_cJO-AjNU
041 _aara
050 1 4 _aKRM4610.K42.2013
100 3 _a خالد، عدلي امير ,
_eauthor
_944273
245 0 0 _aالجامع في أصول الإثبات في ضوء المستحدث من القوانين وأحكام النقض والملاحظات القضائية
250 _a(د،ط)
264 3 1 _aالاسكندرية : دار الجامعة الجديدة ، 2013
300 _a441ص
336 _atext
_btxt
_2rdacontent
337 _aunmediated
_bn
_2rdamedia
338 _avolume
_bnc
_2rdacarrier
650 4 _aأصول الإثبات -- قوانين -- فقه اسلامي
_944274
999 _aA19103
_c22671
_d22671